LEADER 01331nam a2200313 a 4500 001 000000127545 003 CaOOAMICUS 005 20120208120521.0 008 120208s2011 enk u000 u eng r 020 $a978-1-4051-4557-2 040 $aPUL$bita 082 04$a306.3 245 00$aGlobalizing responsibility :$bthe political rationalities of ethical consumption /$cClive Barnett ... [et al.]. 260 $aChichester :$bWiley-Blackwell,$c©2011. 300 $aix, 235 p. ;$c23 cm. 490 1 $aRGS-IBG book series 504 $aBibliografia p. [210]-226. 650 4$aConsumo$xAspetti socio-culturali.$0(OLS)http://pul/subject/33620 700 1 $aBarnett, Clive.$0(OLS)http://pul/name/81378 830 0$aRGS-IBG book series.$0(OLS)http://pul/title/161169 850 $aPUL 852 $aPUL$W1$xSL Filosofia 3$y81$m306. 3 BARCL 1$j147576$qDDC 21$B146207$CPULBib$Z2$F146207 $H118432 $82 941 1 $a9 960 $aConsumismo$933620 996 $6020$a978-1-4051-4557-2$9(OLS)http://pul/number/148886 996 $6082$a306.3$9(OLS)http://pul/classification/406 996 $6245$aGlobalizing responsibility :$bthe political rationalities of ethical consumption$9(OLS)http://pul/title/161167 996 $6260$aChichester :$bWiley-Blackwell$9(OLS)http://pul/publisher/80296 LEADER 01048nam a2200265 u 4500 001 000000065146 003 CaOOAMICUS 005 20070226121432.0 008 011130s1964 fr u000 u fre u 035 $a10912181 040 $aPUL(R)$bita 100 1 $aNicolas, André.$0(OLS)http://pul/name/43918 245 10$aAlbert Camus :$bune philosophie de l'existence /$cAndré Nicolas. 260 $aParis :$bUniversitaires de France,$c1964. 300 $a191 p. ;$c23 cm 500 $aContiene indice. 504 $aBibliografia in nota. 600 14$aCamus, Albert,$d1913-1960.$0(OLS)http://pul/subject/12793 650 4$aEsistenzialismo.$0(OLS)http://pul/subject/1923 850 $aPUL 852 $aPUL$W1$xSL Filosofia 1$y2$m90 G 34$j84377$nBK-PRI$b $qStampati$B84377$CPULBib$Z2$F84377 $H $81 941 1 $a8 961 $aINV: 28930 996 $6245$aAlbert Camus :$bune philosophie de l'existence$9(OLS)http://pul/title/86711 996 $6260$aParis :$bUniversitaires de France$9(OLS)http://pul/publisher/64868